Score 0/25 Timer 13:00
0 Plays Today
Television % Correct
Bang: Who Did Lynette have a dream of at the start of This EpisodeMary Alice Young
79.6%
Bang: How Did Carolyn Find out that her Husband was Cheating on HerBree Told Her
59.5%
Bang: How Many People Were Held Hostage Including Edie and Harvey12
56.3%
Somethings Coming: Who Screamed at the End of this EpisodeLynette
48.2%
Boom Crunch: Who Did Katherine Blame For Stabbing her in the StomachMike
39.8%
Bang: How Many People Were Shot Throughout Ths Disaster4
37.5%
Down The Block There's a Riot: Who Do Tom And Renee Find Unconscious at the end of the EpisodeSusan
37.2%
Boom Crunch: What Reletive Comes To Visit Katherine In the HospitalDylan Mayfair
36.1%
City On Fire: Who gets Locked In the Men's RoomJackson Braddock
35.6%
Down The Block There's a Riot: Who Gets Shot At The End of this EpisodePaul Young
34.8%
Somethings Coming: What is the Name of the Girl Who Got Blown Out of the DoorSylvia Greene
29.5%
Boom Crunch: Name The 2 People Who Die From the Plane CrashKarl and Mona
29.3%
Down The Block There's a Riot: What Does Paul Want To Open In the StreetA Halfway House
28.9%
Television % Correct
Somethings Coming: What Goes Through Victor's StomachA Fence Post
25.3%
Down The Block There's a Riot: Where Does Juanita Hide When She Finds out About GraceIn Bob and Lee's Car
24.3%
City On Fire: How Does Dave Kill The DoctorHe Strangles Him
22.9%
City On Fire: What Song is Mike Singing When the Fire StartsMustang Sally
22.3%
Somethings Coming: What Happened To Carlos After The TornadoHe Went Blind
21.7%
City On Fire: How Many People Die in this Episode7
18%
City On Fire: What Was the Name Of the Doctor Who Dave KilledSamuel Heller
14.3%
Boom Crunch What Happens To The Driver of The Plane Before it CrashesHe Has a Heart Attack
12.1%
Bang: Why Did Carolyn Bigsby Keep all those people HostageBecause Her Husband Cheating on her
7.9%
Somethings Coming: What Kind Of People Make Bree Feel UncomfortableTattoo People
5.4%
Down The Block There's a Riot: Why Did The People Start Smashing Bob and Lee's CarBecause They Sold Their House To Paul
3.1%
Boom Crunch: Why is Gaby Angry with LynetteBecause She is Suing Carlos
2.2%
Remove Ads.
Support Sporcle.
Get the best of Sporcle when you Go Orange. This ad-free experience offers more features, more stats, and more fun while also helping to support Sporcle. Thank you for becoming a member.

You're not logged in!

Compare scores with friends on all Sporcle quizzes.
OR
Log In

You Might Also Like...

Show Comments

Extras

Created Dec 15, 2010ReportNominate
Tags:Desperate Housewives

Top Quizzes Today


Score Distribution

Your Account Isn't Verified!

In order to create a playlist on Sporcle, you need to verify the email address you used during registration. Go to your Sporcle Settings to finish the process.

Report this User

Report this user for behavior that violates our Community Guidelines.

Details: